<?xml version="1.0" encoding="UTF-8"?>
<record
    xmlns:xsi="http://www.w3.org/2001/XMLSchema-instance"
    xsi:schemaLocation="http://www.loc.gov/MARC21/slim http://www.loc.gov/standards/marcxml/schema/MARC21slim.xsd"
    xmlns="http://www.loc.gov/MARC21/slim">

  <leader>00816nam a22002537a 4500</leader>
  <controlfield tag="005">20170123162351.0</controlfield>
  <datafield tag="010" ind1=" " ind2=" ">
    <subfield code="a">A-778205</subfield>
  </datafield>
  <datafield tag="020" ind1=" " ind2=" ">
    <subfield code="c">15.00</subfield>
  </datafield>
  <datafield tag="035" ind1=" " ind2=" ">
    <subfield code="a">A-778205</subfield>
  </datafield>
  <datafield tag="037" ind1=" " ind2=" ">
    <subfield code="b">Cen Lib/Ret</subfield>
  </datafield>
  <datafield tag="040" ind1=" " ind2=" ">
    <subfield code="a">DPL</subfield>
    <subfield code="b">UR</subfield>
  </datafield>
  <datafield tag="082" ind1=" " ind2=" ">
    <subfield code="a">239</subfield>
    <subfield code="b">&#x627; &#x62F; &#x62A; </subfield>
  </datafield>
  <datafield tag="100" ind1=" " ind2=" ">
    <subfield code="a">&#x646;&#x650;&#x631;&#x646;&#x6A9;&#x627;&#x631;&#x6CC;&#x60C; &#x628;&#x627;&#x628;&#x627; &#x627;&#x648;&#x62A;&#x627;&#x631; &#x633;&#x646;&#x6AF;&#x6BE;</subfield>
    <subfield code="9">136561</subfield>
  </datafield>
  <datafield tag="245" ind1=" " ind2=" ">
    <subfield code="a">/ &#x627;&#x648;&#x62A;&#x627;&#x631;&#x628;&#x627;&#x646;&#x6CC; </subfield>
    <subfield code="c">&#x628;&#x627;&#x628;&#x627; &#x627;&#x648;&#x62A;&#x627;&#x631; &#x633;&#x646;&#x6AF;&#x6BE; &#x646;&#x650;&#x631;&#x646;&#x6A9;&#x627;&#x631;&#x6CC;</subfield>
  </datafield>
  <datafield tag="246" ind1=" " ind2=" ">
    <subfield code="a">Autar-bani</subfield>
    <subfield code="b">by Baba Avtar Singh nirankary</subfield>
  </datafield>
  <datafield tag="260" ind1=" " ind2=" ">
    <subfield code="a">&#x62F;&#x6C1;&#x644;&#x6CC;</subfield>
    <subfield code="b">&#x633;&#x646;&#x62A; &#x646;&#x650;&#x631;&#x646;&#x6A9;&#x627;&#x631;&#x6CC; &#x645;&#x646;&#x688;&#x644; </subfield>
    <subfield code="c">1964</subfield>
  </datafield>
  <datafield tag="270" ind1=" " ind2=" ">
    <subfield code="b">&#x62F;&#x6C1;&#x644;&#x6CC;</subfield>
    <subfield code="a">&#x633;&#x646;&#x62A; &#x646;&#x650;&#x631;&#x646;&#x6A9;&#x627;&#x631;&#x6CC; &#x6A9;&#x627;&#x644;&#x648;&#x646;&#x6CC; </subfield>
    <subfield code="e">110009</subfield>
  </datafield>
  <datafield tag="300" ind1=" " ind2=" ">
    <subfield code="a">256p.</subfield>
    <subfield code="c">22cm(Hb)</subfield>
  </datafield>
  <datafield tag="650" ind1=" " ind2=" ">
    <subfield code="a">&#x645;&#x630;&#x6C1;&#x628; </subfield>
    <subfield code="v"> </subfield>
    <subfield code="9">136562</subfield>
  </datafield>
  <datafield tag="650" ind1=" " ind2=" ">
    <subfield code="a">&#x633;&#x6A9;&#x6BE; </subfield>
    <subfield code="9">1931</subfield>
  </datafield>
  <datafield tag="650" ind1=" " ind2=" ">
    <subfield code="a">Religion</subfield>
    <subfield code="9">136563</subfield>
  </datafield>
  <datafield tag="650" ind1=" " ind2=" ">
    <subfield code="a">Sikh</subfield>
    <subfield code="9">136564</subfield>
  </datafield>
  <datafield tag="942" ind1=" " ind2=" ">
    <subfield code="2">ddc</subfield>
    <subfield code="c">UR</subfield>
    <subfield code="h">239</subfield>
    <subfield code="m">&#x627; &#x62F; &#x62A; </subfield>
  </datafield>
  <datafield tag="999" ind1=" " ind2=" ">
    <subfield code="c">109249</subfield>
    <subfield code="d">109249</subfield>
  </datafield>
  <datafield tag="952" ind1=" " ind2=" ">
    <subfield code="0">0</subfield>
    <subfield code="1">0</subfield>
    <subfield code="4">0</subfield>
    <subfield code="7">0</subfield>
    <subfield code="a">L</subfield>
    <subfield code="b">L</subfield>
    <subfield code="d">2016-02-27</subfield>
    <subfield code="e">Cen Lib/Ref</subfield>
    <subfield code="g">15.00</subfield>
    <subfield code="l">0</subfield>
    <subfield code="o">239 &#x627; &#x62F; &#x62A;</subfield>
    <subfield code="p">A-778205</subfield>
    <subfield code="r">2016-02-27 00:00:00</subfield>
    <subfield code="t">1</subfield>
    <subfield code="v">15.00</subfield>
    <subfield code="w">2016-02-27</subfield>
    <subfield code="y">UR</subfield>
  </datafield>
</record>
